Les équipes des joueurs belges - Statistiques

Statistiques générales
  • Ce quiz a été pris 182 fois
  • Le résultat moyen est 13 sur 25
Statistiques - réponses
Joueur Club % Correct
Thibaut Courtois Real Madrid
97%
Vincent Kompany Manchester City
90%
Axel Witsel Borussia Dortmund
79%
Toby Alderweireld Tottenham
78%
Jan Vertonghen Tottenham
78%
Moussa Dembelé Tottenham
78%
Thomas Meunier Paris SG
77%
Dries Mertens Naples
74%
Thomas Vermaelen FC Barcelone
67%
Romelu Lukaku Manchester United
64%
Hans Vanaken Club Brugges
61%
Youri Tielemans AS Monaco
59%
Nacer Chadli AS Monaco
59%
Koen Casteels Wolfsburg
52%
Matz Sels RC Strasbourg
51%
Leandro Trossard KRC Genk
43%
Leander Dedoncker Wolverhampton Wanderers
39%
Eden Hazard Chelsea FC
35%
Thorgan Hazard Borussia Monchengladbach
34%
Michy Batshuayi FC Valence
31%
Birger Verstraete KAA La Gantoise
28%
Timothy Castagne Atalanta Bergame
25%
Dedryck Boyata Celtic Glasgow
22%
Yannick Carrasco Dalian Yifang
5%
Davy Roef Waasland-Beveren
5%
Aucun quiz correspondant
Distribution des résultats
% des personnes avec chaque résultat
Percentile par nombre de réponses
Votre historique - résultats
Vous n’avez pas pris ce quiz